[Event "Cairo Al Ain op"]
[Site "Cairo"]
[Date "2023.11.28"]
[Round "3"]
[White "Ibrahim, Hosam"]
[Black "Abdel Mohsen, Mohamed"]
[Result "1-0"]
[WhiteElo "2187"]
[BlackElo "1806"]
[PlyCount "41"]
[EventDate "2023.11.27"]
[EventType "swiss"]
[EventRounds "10"]
[EventCountry "EGY"]
[SourceTitle "CB49_2023"]
[SourceDate "2023.12.06"]
[SourceVersion "1"]
[SourceVersionDate "2023.12.06"]
[SourceQuality "1"]

1. e4 e5 2. Nf3 d6 3. d4 exd4 4. Nxd4 Nf6 5. Nc3 Be7 6. Be2 0-0 7. 0-0 h6 8. f4 c5 9. Nb3 Nc6 10. Bf3 a5 11. a4 Nb4 12. Be3 Be6 13. Rf2 Rc8 14. Rd2 Qb6 15. Nb5 Rfd8 16. g4 Bc4 17. c3 Na6 18. h4 Nc7 19. g5 hxg5 20. hxg5 Nfe8 21. Rf2 1-0

[Event "Cairo Egyptian op"]
[Site "Cairo"]
[Date "2016.04.24"]
[Round "4"]
[White "Hafez, Mahmoud"]
[Black "Ibrahim, Hosam"]
[Result "1-0"]
[WhiteElo "1944"]
[BlackElo "2097"]
[PlyCount "71"]
[EventDate "2016.04.22"]
[EventType "swiss"]
[EventRounds "9"]
[EventCountry "EGY"]
[SourceTitle "CBM 172 Extra"]
[Source "ChessBase"]
[SourceDate "2016.06.21"]
[SourceVersion "1"]
[SourceVersionDate "2016.06.21"]
[SourceQuality "1"]

1. e4 e5 2. Nf3 Nc6 3. Bc4 Nf6 4. Nc3 Bc5 5. a3 d6 6. d3 a6 7. Bg5 h6 8. Bh4 g5 9. Bg3 Bg4 10. h4 Rg8 11. hxg5 hxg5 12. Nd5 Nd4 13. Rh6 Nxd5 14. Bxd5 c6 15. Bxf7+ Kxf7 16. Nxe5+ dxe5 17. Qxg4 Bf8 18. Qh5+ Ke7 19. Rh7+ Kd6 20. 0-0-0 Qe8 21. Qg4 Qe6 22. Qh5 Qg6 23. Qh3 g4 24. Qh2 Ne2+ 25. Kb1 Nxg3 26. d4 Bg7 27. dxe5+ Kc7 28. e6 Rad8 29. Qxg3+ Kc8 30. Rdh1 Qxe6 31. f3 gxf3 32. Rxg7 Rxg7 33. Qxg7 Rg8 34. Rh8 Rxh8 35. Qxh8+ Kc7 36. gxf3 1-0